000
00226 a2200097 4500
001
48420
100
_a
Lackey, E.E
245
_a
Regions and nations of the world
260
_a
London
_b
D Van nostrand
_c
090
_c
31358
_d
31358
942
_a
NUST-CAE
_c
M
_c
23734
999
_c
283493
_d
283493